000 00344 a2200121 4500
001 146865
040 _cEscola São Tomás de Aquino
100 _aFEVEREIRO, Jô
240 1 0 _aO homem que sabia javanês
_lpor
245 1 0 _aO homem que sabia javanês
697 _aCaricaturas, desenho animado, cômico, fotonovelas / Quadrinhos
942 _cBK
999 _c146865
_d146865